000 01455nam a22003017a 4500
001 6891
003 FISKH
005 20250820084744.0
008 250604b cb ||||| |||| 00| 0 eng d
020 _a9781618103246
040 _aFISKH
_beng
_cFISKH
_dFISKH
050 _aPZ7.S45
082 _a823
100 _aSelleck, Richards Richelle
245 _aLittle red riding hood /
_cBy Richelle Richards Selleck ; Illustrated by Ed Myer
250 _aThis edition first published in 2013
260 _aShenzhen :
_bRourkeeducation,
_c2013
300 _a24 pages :
_bcolor illustrations ;
_c21 cm
505 _aL
520 _aThis Is A Rhyming Twist On The Tale Of Red Riding Hood. All The Animals Are Discovering That Food Is Missing And All They See Is A Red Blur As They Try To Unravel The Mystery Of Who Could Be Doing This. When They Arrive At Little Red's House They Determine It Was Her And She Was Feeding Wolf Pups With The Food She Had Taken Because They Had No Mother. Astonished, Because Wolves Were Their Enemies, They Decide To Transport The Tiny Wolf Pups To Yellowstone. Teaching Focus, Words To Know Before You Read, Comprehension And Extension Activities. Inside Front And Back Cover Parent And Teacher Support.
521 8 _a520
_bLexile
521 8 _aL
_bRaz-Plus
650 _2Folktales
_aFiction
650 _2Picture book
_aFairy tales
700 _aMyer, Ed
_dillustrator
942 _2ddc
_cBK
_n0
999 _c6891
_d6891